Tvořivé myšlenky : řiďte si svůj život tak, jak sami chcete /
Praktický návod, jak být tvůrcem svého života a vypořádat se se všemi životními událostmi.
Uloženo v:
| Hlavní autor: | |
|---|---|
| Médium: | E-kniha |
| Jazyk: | Czech |
| Vydáno: |
Pardubice :
Trans World Tour,
2010
|
| Témata: | |
| Tagy: |
Žádné tagy |
| LEADER | 02646cam a2200517 a 4500 | ||
|---|---|---|---|
| 001 | 311737 | ||
| 003 | CZ PrSKC | ||
| 005 | 20260601215711.0 | ||
| 007 | ta | ||
| 008 | 100921s2010 xr e f 000 0 cze d | ||
| 015 | |a cnb002108218 | ||
| 020 | |a 9788025474952 |q (váz.) | ||
| 035 | |a (OCoLC)862711514 | ||
| 040 | |a KLG001 |b cze |d ABA001 | ||
| 072 | 7 | |a 159.95 |x Vyšší duševní procesy |2 Konspekt | |
| 080 | |a 159.923.5 |2 MRF | ||
| 080 | |a 159.954/.955 |2 MRF | ||
| 080 | |a 118:130.33 |2 MRF | ||
| 080 | |a (035) |2 MRF | ||
| 080 | |a (0:82-4) |2 MRF | ||
| 100 | 1 | |a Spilko, Karel, |d 1964- |7 mzk2009544185 |4 aut | |
| 245 | 1 | 0 | |a Tvořivé myšlenky : |b řiďte si svůj život tak, jak sami chcete / |c [Karel Spilko] |
| 246 | 1 | |i Název v tiráži: |a Tvořivé myšlenky - řiďte si svůj život tak, jak sami chcete | |
| 246 | 3 | 0 | |a Řiďte si svůj život tak, jak sami chcete |
| 260 | |a Pardubice : |b Trans World Tour, |c 2010 | ||
| 300 | |a 366 s. ; |c 17 cm | ||
| 500 | |a Pod názvem: Brno 2010 | ||
| 520 | 2 | |a Praktický návod, jak být tvůrcem svého života a vypořádat se se všemi životními událostmi. | |
| 520 | 2 | |a Se životem se potkáš jen tehdy, když jej začneš žít - to je jedna z úvodních myšlenek knihy, která se snaží přesvědčit, že my sami jsme tvůrci svého života. Vesmír nám nabízí nekonečné množství možností a alternativ, přičemž záleží jen na nás samotných, kterou z nich si vybereme. Je třeba proto změnit myšlení, přístup k životu, zbavit se věčných obav ze ztrát, špatných pocitů, stereotypů ... a nebát se žít radostněji, přijímat vše, co přichází, naučit se zhmotňovat svoje vize a představy. | |
| 650 | 0 | 7 | |a pozitivní myšlení |7 ph124475 |2 czenas |
| 650 | 0 | 7 | |a tvůrčí myšlení |7 ph116508 |2 czenas |
| 650 | 0 | 7 | |a sebeřízení |7 ph303239 |2 czenas |
| 650 | 0 | 7 | |a kosmická energie |7 ph182936 |2 czenas |
| 650 | 0 | 9 | |a positive thinking |2 eczenas |
| 650 | 0 | 9 | |a creative thinking |2 eczenas |
| 650 | 0 | 9 | |a self-management |2 eczenas |
| 650 | 0 | 9 | |a cosmic energy |2 eczenas |
| 655 | 7 | |a příručky |7 fd133209 |2 czenas | |
| 655 | 7 | |a úvahy |7 fd134000 |2 czenas | |
| 655 | 9 | |a handbooks and manuals |2 eczenas | |
| 655 | 9 | |a essays |2 eczenas | |
| 900 | |a ABA001 |b 17 | ||
| 044 | |a xr | ||
| 910 | |a RBIT002 | ||
| 998 | |d 363009 |a https://core.palmknihy.cz/api/books/363009/cover?rkzmvm |b https://core.palmknihy.cz/api/books/363009/cover/400?rkzmvm |c https://core.palmknihy.cz/api/books/363009/cover/50?rkzmvm |e 2030-12-31 |g 360 |i 9788025474952 |k https://core.palmknihy.cz/api/books/363009/preview.pdf |l |q 49 |r 1 |s https://www.palmknihy.cz/kniha/363009 |t ebook |y 2010 |z 0 | ||
| 999 | |d 311735 | ||